Statistics for Most Appealing Cities for Working Abroad

Click here to take the quiz!

General Stats

  • This quiz has been taken 28,638 times
  • The average score is 19 of 30

Answer Stats

%City% Correct
16.0London
97%
8.9Paris
96%
12.2New York City
91%
3.5Rome
87%
4.6Berlin
86%
5.0Madrid
84%
2.8Tokyo
84%
3.2Los Angeles
82%
5.2Sydney
79%
4.4Barcelona
72%
2.5Amsterdam
69%
2.1Oslo
66%
2.4Stockholm
65%
4.2Toronto
62%
1.7Melbourne
60%
1.9Dublin
59%
1.6Copenhagen
57%
2.4San Francisco
57%
2.8Munich
56%
1.7Brussels
55%
1.5Lisbon
53%
2.6Miami
53%
2.5Vienna
52%
3.9Singapore
50%
2.1Vancouver
49%
3.4Dubai
45%
2.2Zurich
43%
2.1Montreal
41%
1.5Geneva
32%
1.7Santiago
11%

Score Distribution

Percentile by Number Answered

Percent of People with Each Score

Your Score History

You have not taken this quiz